Law and practice at the Labour Court of Zimbabwe : (Record no. 168363)

MARC details
000 -LEADER
fixed length control field 00736cam a22002175i 4500
008 - FIXED-LENGTH DATA ELEMENTS--GENERAL INFORMATION
fixed length control field
020 ## - INTERNATIONAL STANDARD BOOK NUMBER
International Standard Book Number 9780797478664 (pbk.)
049 ## - LOCAL HOLDINGS (OCLC)
Holding library MAIN
090 ## - LOCALLY ASSIGNED LC-TYPE CALL NUMBER (OCLC); LOCAL CALL NUMBER (RLIN)
Classification number (OCLC) (R) ; Classification number, CALL (RLIN) (NR) K1741
Local cutter number (OCLC) ; Book number/undivided call number, CALL (RLIN) MUC
003 - CONTROL NUMBER IDENTIFIER
control field
005 - DATE AND TIME OF LATEST TRANSACTION
control field 20230123141135.0
040 ## - CATALOGING SOURCE
Transcribing agency NUST
100 1# - MAIN ENTRY--PERSONAL NAME
Personal name Mucheche, Caleb H.
245 10 - TITLE STATEMENT
Title Law and practice at the Labour Court of Zimbabwe :
Remainder of title commentary on the Labour Court rules of Zimbabwe : statutory instrument 150 of 2017 /
Statement of responsibility, etc. by Caleb H. Mucheche.
250 ## - EDITION STATEMENT
Edition statement 4th ed.
264 #1 - PRODUCTION, PUBLICATION, DISTRIBUTION, MANUFACTURE, AND COPYRIGHT NOTICE
Place of production, publication, distribution, manufacture Harare :
Name of producer, publisher, distributor, manufacturer Zimlaw Trust, African Legal Resources Dominion,
Date of production, publication, distribution, manufacture, or copyright notice 2018.
300 ## - PHYSICAL DESCRIPTION
Extent xii, 116 ;
Dimensions 25 cm.
650 ## - SUBJECT ADDED ENTRY--TOPICAL TERM
Topical term or geographic name entry element Labour courts
Geographic subdivision Zimbabwe.
907 ## - LOCAL DATA ELEMENT G, LDG (RLIN)
a .b10396044
b 04-01-19
c 04-01-19
942 ## - ADDED ENTRY ELEMENTS (KOHA)
Koha item type Ordinary Loan Books
Call number prefix K1741
Call number suffix MUC
Holdings
Date last seen Total Checkouts Full call number Barcode Cost, replacement price Price effective from Koha item type Lost status Source of classification or shelving scheme Damaged status Not for loan Collection Withdrawn status Home library Current library Shelving location Date acquired Cost, normal purchase price
01/23/2023 1 K1741 MUC 92004046133 80.00 01/23/2023 BOOKS   LCC     NFIC   MAIN MAIN GEN 01/23/2023 80.00